000
00219nam a22000977a 4500
082
_a
823
_b
ROW/H
100
_a
ROWLING, J K
245
_a
HARRY POTTER AND THE CHAMBER OF SECRETS
650
_a
ENGLISH STORY BOOK
942
_c
BK
999
_c
7676
_d
7676